ANTARETIC ADVENTURE (Record no. 153100)

MARC details
000 -LEADER
fixed length control field 00390nam a2200169Ia 4500
008 - FIXED-LENGTH DATA ELEMENTS--GENERAL INFORMATION
fixed length control field 090124s9999 xx 000 0 und d
082 ## - DEWEY DECIMAL CLASSIFICATION NUMBER
Item number 107009
100 ## - MAIN ENTRY--PERSONAL NAME
Personal name FUCHS VIVIAN
245 ## - TITLE STATEMENT
Title ANTARETIC ADVENTURE
250 ## - EDITION STATEMENT
Edition statement 0
300 ## - PHYSICAL DESCRIPTION
Extent 189
600 ## - SUBJECT ADDED ENTRY--PERSONAL NAME
Personal name FUCHS VIVIAN
630 ## - SUBJECT ADDED ENTRY--UNIFORM TITLE
Uniform title ANTARETIC ADVENTURE
700 ## - ADDED ENTRY--PERSONAL NAME
Personal name FUCHS VIVIAN
730 ## - ADDED ENTRY--UNIFORM TITLE
Uniform title ANTARETIC ADVENTURE
942 ## - ADDED ENTRY ELEMENTS (KOHA)
Koha item type Book
Holdings
Withdrawn status Lost status Damaged status Not for loan Home library Current library Date acquired Cost, normal purchase price Total Checkouts Full call number Barcode Date last seen Cost, replacement price Price effective from Koha item type
        Marathi Granth Sangrahalaya,Thane Marathi Granth Sangrahalaya,Thane   5.00   107009 THNMGS-107009 01/24/2009 5.00 01/24/2009 Book